000 00605nam a22001937a 4500
999 _c2265
_d2265
003 OSt
005 20211026121724.0
008 150916b xxu||||| |||| 00| 0 eng d
020 _a052157465X
040 _cDDC
082 _a338.7CIB 1993
100 _aCiborra, Claudio;
_95742
245 _aTeams, Markets and Systems.
_bBusiness innovation and information technology.
_cEdited by Ciborra,Claudio U.;
260 _aUK.
_c1993
_bCambridge University Press;
300 _axix,250p;
_bill:
_c23cm
504 _aIncludes; references and index.
650 _aBusiness Information
_95743
942 _2ddc
_cO_SHELF